| 000 | 00483nam a2200169Ia 4500 | ||
|---|---|---|---|
| 008 | 160114s9999 xx 000 0 und d | ||
| 020 | _a0-431158118 | ||
| 050 | _a915 | ||
| 050 | _b.F755a 2006 | ||
| 100 | _aFoster, Leila Merrell. | ||
| 245 |
_aAsia / _cLeila Merrell Foster. |
||
| 260 |
_aSouth China : _bModern Age Repro House Ltd _c2006 |
||
| 300 |
_a32 pages; _bcol. Illustrations, col. Maps ; |
||
| 440 | _a First Library: Continents | ||
| 650 | _aAsia -- | ||
| 650 | _xmaps. | ||
| 999 |
_c290275 _d290275 |
||